000 02133nam a22003137a 4500
003 URS
005 20260312220557.0
008 260312b |||||||| |||| 00| 0 eng d
020 _a978-1-97518-157-4
040 _cURS
_erda
_bEnglish
050 0 0 _aQM551
_b.P2896 2024
245 1 0 _aHistology :
_ba text and atlas : with correlated cell and molecular biology /
_cMichael H. Ross, PhD (deceased), Professor and Chair Emeritus, Department of Anatomy and Cell Biology, University of Florida College of Medicine, Gainesville, Florida, Wojciech Pawlina, MD, FAA, Professor of Anatomy and Medical Education, Fellow of the American Association of Anatomists, Chair, Department of Anatomy, Department of Obstetrics and Gynecology, Director of Procedural Skills Laboratory, Mayo college of Medicine, Rochester, Minnesota.
250 _a9th edition.
264 1 _aPhiladelphia :
_bWolters Kluwer,
_c©2024.
300 _a1104 pages :
_billustrations (chiefly color) ;
_c27 cm.
336 _atext
_2rdacontent
336 _astill image
_2rdacontent
337 _aunmediated
_2rdamedia
337 _acomputer
_2rdamedia
338 _avolume
_2rdacarrier
338 _aonline resource
_2rdacarrier
500 _aIncludes index.
505 0 _aMethods -- Cell cytoplasm -- The cell nucleus -- Tissues : concept and classification -- Epithelial tissue -- Connective tissue -- Cartilage -- Bone -- Adipose tissue -- Blood -- Muscle tissue -- Nerve tissue -- Cardiovascular system -- Lymphatic system -- Integumentary system -- Digestive system I : oral cavity and associated structures -- Digestive system II : esophagus and gastrointestinal tract -- Digestive system III : liver, gallbladder, and pancreas -- Liver -- Respiratory system -- Urinary system -- Endocrine organs -- Male reproductive system -- Female reproductive system -- Eye -- Ear.
524 _aRoss, M. H. and Pawlina, W. (2016). Histology: a text and atlas with correlated cell and molecular biology. 7th edition Philadelphia : Wolters Kluwer.
650 0 _aHistology
700 1 _aPawlina, Wojciech,
_eauthor.
856 _uhttp://thepoint.lww.com
942 _2lcc
_cR
999 _c99009
_d99006